MDQL
is popping MORE tags! Check the
thread
!
Quizzes
Events
Quiz Creation
Community
Videos
Private Events
Remove Ads
Sign In
Join for FREE
Feedback
Dark Mode
Quiz Categories
Sports
Geography
Music
Movies
Television
Just For Fun
Miscellaneous
History
Literature
Language
Science
Gaming
Entertainment
Religion
Holiday
For Kids
Quiz Lab
Recent
Popular Today
Quiz Kudos Today
Editor Picks
Curator Picks
Quizzes by...
Day
Popularity
Type
Ratings
Length
Year
Community
Subscriptions
Recent Discussions
Orange Saloon
Badges
Playlists
Quests
Create
Leaderboards
Showdown
Live 5
Trivia Bingo
Activity
Puzzle Library
Sporcle Events
Private Events
Virtual Trivia
Globe League
Become a Host
Pub Owners
SporcleCon
Opinionation
Our Games
Videos
Blog
Mobile Apps
Partnerships
Remove Ads and Go Orange
Feedback
Sports
Athletes
MLB
NBA
NHL
NFL
Soccer
Sports Teams
WWE
NCAA
Football
Premier League
Basketball
Baseball
Hockey
Golf
Tennis
Cricket
Rugby
Auto Racing
Olympics
World Cup
Sports
Athletes
MLB
NBA
NHL
NFL
Soccer
Sports Teams
WWE
NCAA
Football
Premier League
Basketball
Baseball
Hockey
Golf
Tennis
Cricket
Rugby
Auto Racing
Olympics
World Cup
Random Quiz
Search Sporcle
×
Quiz Lab
Quiz Lab
Sports
debut
Type in answers that appear in a list
Type in answers that appear in a list
Classic
Best Score? Go Orange.
QPR Players From Outside Great Britain Stats
Can you name the QPR Players From Outside The United Kingdom?
By
qprkid
12m
78 Questions
297 Plays
297 Plays
297 Plays
Comments
Comments
Give Quiz Kudos
Give Quiz Kudos
-
- Ratings
hide this ad
Replay
Link that replays current quiz
Next Quiz
Link to next quiz in quiz playlist
You Got
0%
They Got
Avg Score
30%
Avg Friend Score
Upgrade to see
Score Distribution
Jump to the score distribution portion of the page
Score
0/78
Timer
12:00
0
Plays Today
Nationality
Player Name
% Correct
Nigeria
Danny Shittu
72.1%
Morocco
Adel Taarabt
71%
Hungary
Akos Buzsaky
70.7%
Argentina
Alejandro Faurlin
66.3%
Pakistan
Zesh Rehman
64.3%
Latvia
Kaspars Gorkss
63.6%
Canada
Marc Bircham
59.6%
Jamaica
Damion Stewart
59.6%
Argentina
Gino Padula
59.3%
South Africa (played for USA)
Roy Wegerle
56.9%
Argentina
Emmanuel Ledesma
55.6%
Iceland
Heidar Helguson
47.8%
Czech Republic
Radek Cerny
46.8%
Australia
Ned Zelic
46.8%
Australia
Nick Ward
46.5%
Spain
Daniel Parejo
45.8%
Czech Republic
Jan Stejskal
44.4%
Denmark
Marc Nygaard
43.8%
Hungary
Tamas Priskin
41.8%
Ghana
Patrick Agyemang
41.4%
Jamaica
Richard Langley
40.1%
Italy
Matteo Alberti
39.7%
Zaire
Ebeli-Mbobo Doudou
39.4%
USA
Juergen Sommer
38.7%
Serbia
Dusko Tosic
38%
Columbia
Angelo Balanta
37.4%
Cape Verde Islands
Georges Santos
37.4%
Italy
Damiano Tommasi
37%
Italy
Alessandro Pellicori
34.7%
Argentina
Ossie Ardiles
33.7%
Antigua and Barbuda
Mikele Leigertwood
33.3%
Poland
Marcin Kus
33%
Finland
Antti Heinola
32%
Israel
Ben Sahar
31.3%
Barbados
Gregory Goodridge
30.6%
Sweden
Rob Steiner
29.6%
Cyprus/
England
Tommy Williams
29%
Denmark
Mikkel Beck
28.3%
Spain
Jordi Lopez
27.3%
Nationality
Player Name
% Correct
South Africa
Mark Stein
26.9%
Poland
Adam Czerkas
25.9%
Italy
Mauro Milanese
25.9%
Czech Republic
Ludek Miklosko
25.6%
Finland
Sampsa Timoska
23.9%
Latvia
Elvijis Putnins
23.9%
Nigeria
Ugo Ukah
22.9%
Cameroon
Armel Tchakounte
22.9%
Italy
Samuel Di Carmine
22.6%
Israel
David Pizanti
22.6%
USA
Matt Pickens
21.9%
Australia
Richard Johnson
20.9%
Nigeria
Egutu Oliseh
20.9%
Morocco
Aziz Ben Askar
20.5%
Jamaica
Danny Maddix
20.2%
Ivory Coast
Arthur Gnohere
19.2%
Nigeria
Dominic Iorfa
18.5%
Italy
Generoso Rossi
18.5%
Spain
Inigo Idiakez
18.2%
Cameroon
Serge Branco
17.8%
Surinam
Samuel Koejoe
16.5%
Hungary
George Kulscar
14.5%
DR Congo
Patrick Kanyuka
13.5%
USA
Frankie Simek
13.1%
Jamaica
Bob Hazell
11.8%
France
Alex Bonnot
11.1%
Denmark
Kurt Bakholt
10.1%
Venezuela
Fernando de Ornelas
9.8%
Martinique (France)
Eric Sabin
9.8%
Ghana
Junior Agogo
9.4%
Denmark
Sammy Youssouf
9.4%
Belgium
Michel Ngonge
9.1%
Nigeria
Ademole Bankole
7.1%
Netherlands
Sieb Dijkstra
7.1%
Australia
Andrew McDermott
6.1%
Dominica
Richard Pacquette
6.1%
Malta
Joe Cini
5.1%
South Africa
Stuart Leary
2.7%
Canada
Paul Peschilsolido
1.7%
Quiz Playlist
Details
Report
Send in Message
Add To Playlist
Classic:
Type in answers that appear in a list
Last Updated: Feb 16, 2017
Quiz Scoreboard
CHALLENGE
Sign Up to Join the Scoreboard
Show All
Scores
Hide
Comments
May contain spoilers
Recently Published
Street Fighter Characters
by Artimus82
Gaming
60s
9x9 Crossword: Cartoon Network
by jackfrog10
Miscellaneous
3m
College Basketball Coaching Resumes
by pancakes188
Sports
9m
More to Explore
Quiz From the Vault
Featured Blog Post
Where Did the Easter Bunny Come From?
hide this ad
You Might Also Like...
Tags
britain
debut
Great Britain
Nationality
Player
Queens Park Rangers
Today's Top Quizzes in Sports
Browse Sports
hide this ad
Today's Top Quizzes in debut
Browse debut
Top Contributed Quizzes in Sports
1
2022 World Cup Stars
2
Les meilleurs buteurs des matchs entre le PSG et l’OM
3
FIFA Club World Cup Champions
4
Les entraîneurs de l'OM et du PSG au 21e siècle
5
Criteria MLB: Left Handed Sluggers
6
2023 MLB Unique Player Accomplishments
7
AFC Teams Reveal (Wrong Answers Minefield)
8
5-to-1: FBS Animal Nicknames
9
Players with Multiple 50 Home Run Seasons
10
5-to-1: UK Sports Teams
Explore More
Trending Topics
Anime
Marvel
Disney
Harry Potter
NBA
Kpop
Crossword
Song
The Office
NFL
Puzzle
Country
WWE
Soccer
Pokémon
hide this ad
More By:
qprkid
Quiz
Plays
Rating
Category
Featured
Created
QPR players from 2004-Present Day
1,485
3.67
Sports
Apr 30, 2010
QPR Players from the 2009-2010 Season
790
5.00
Sports
Apr 27, 2010
QPR Managers of All Time
607
5.00
Sports
May 2, 2010
Queens Park Rangers Squad 2010-2011
299
Sports
May 12, 2011
QPR Players From Outside Great Britain
297
Sports
May 24, 2010
Go to Creator's Profile
Score Distribution
Quiz Creator Spotlight
qprkid
Follow
Send a Message
Quizzes Created
-
Created Quiz Play Count
-
More By This Creator
Popular Quizzes Today
1
Find the US States - No Outlines Minefield
2
Find the Countries of Europe - No Outlines Minefield
3
The Countries of the World
4
Find the US States
5
Risky Map Clicking: Biggest States A-Z
6
US States
7
Popular People in 1961
8
Movies - When Are They Set?
More Sports Quizzes
MLB 600 Home Run Club
Published
Trending Quizzes
Risky Map Clicking: Least Populous States A-Z
Countries of the World: 200 Million BC
1-10 Letter G Words
Risky Map Clicking: Next State Alphabetically
Adjectives in 80s TV Shows
Recently Updated
Leaping Animals
pecheneg
Reality TV Shows (A-Z)
bhenderson79
Rickey Henderson's Hall of Fame Teammates
pecheneg
Champions League XIs: Arsenal
pecheneg
Quick Pick: Celebrities in WWE's Hall of Fame
aduchscher
A-Z Keypad Blitz II
pecheneg
Multiple Oscar Actors
pecheneg
Mystery Phrase Blitz: Oscar 'Best Actors'
pecheneg
F. Scott Fitzgerald Novels
LTH
Pick 3 Villains
ddd62291
Trending Topics
Kpop
Anime
Disney
Crossword
Harry Potter
Marvel
NBA
WWE
Song
NFL
Puzzle
Country
The Office
Soccer
Pokémon
Your Account Isn't Verified!
In order to create a playlist on Sporcle, you need to verify the email address you used during registration. Go to your
Sporcle Settings
to finish the process.
Report this User
Report this user for behavior that violates our
Community Guidelines
.
Details:
Send Report
Go to the Sporcle.com Mobile Site →
Comments